Music Quiz

Random Music or Song Quiz

The Wiggles or Metallica? Quiz Stats

 Plays Quiz Updated Mar 3, 2018

Challenge
Share
Tweet
Embed
Score 0/50 Timer 03:00
1 Play Today
% Correct
Metallica
94.6%
Metallica
94.5%
Metallica
94.4%
The Wiggles
94.1%
The Wiggles
94%
The Wiggles
93.6%
The Wiggles
93.6%
Metallica
93.5%
The Wiggles
93.5%
Metallica
93.4%
The Wiggles
93.4%
The Wiggles
93.2%
The Wiggles
93.2%
Metallica
93.2%
The Wiggles
93.2%
Metallica
93.2%
Metallica
93.1%
The Wiggles
93.1%
Metallica
93%
The Wiggles
92.8%
Metallica
92.7%
Metallica
92.7%
Metallica
92.6%
The Wiggles
92.5%
The Wiggles
92.5%
% Correct
The Wiggles
92.5%
The Wiggles
92.4%
The Wiggles
92.4%
Metallica
92.3%
Metallica
92.3%
The Wiggles
92.2%
The Wiggles
92%
Metallica
91.9%
The Wiggles
91.9%
The Wiggles
91.8%
Metallica
91.6%
Metallica
90.7%
The Wiggles
90.5%
Metallica
87.4%
Metallica
86.3%
Metallica
86.3%
Metallica
85.5%
The Wiggles
85.5%
Metallica
83.1%
The Wiggles
79.6%
The Wiggles
79%
Metallica
56.5%
Metallica
50.1%
Metallica
48.5%
The Wiggles
39.9%

You're not logged in!

Compare scores with friends on all Sporcle quizzes.
Join for Free
OR
Log In

You Might Also Like...

Show Comments

Extras

Top Quizzes Today


Score Distribution

Your Account Isn't Verified!

In order to create a playlist on Sporcle, you need to verify the email address you used during registration. Go to your Sporcle Settings to finish the process.

Report this User

Report this user for behavior that violates our Community Guidelines.

Details: